| 000 | 00360nam a22001577a 4500 | ||
|---|---|---|---|
| 003 | SGT | ||
| 020 | _a9781032132303 | ||
| 082 |
_a617.645 _bR24D |
||
| 100 | _aDuggal, M. S. | ||
| 245 | _aRestorative techniques in Pediatric Dentistry | ||
| 250 | _a3rd | ||
| 260 |
_bC.R.C. Press _c2024 |
||
| 300 | _a155 | ||
| 650 | _aPaediatric Dentistry | ||
| 942 |
_2ddc _cBK |
||
| 999 |
_c26879 _d26879 |
||